00780nam a2200193 a 4500001001000000003000900010005001700019008004100036040002500077082002400102100004700126245007700173260005200250300002700302500007000329600007200399650002500471651009000496000017494DO-SdBNP20260303133933.0100325s1994 dr a 000 h spa d aDO-SdBNPbspacBNPHU 4aRD867.44bT233m2221 aTaveras Guzmán, Juan Arístides,d1936-10aMatilí :b¿genialidad o locura? /cJuan Arístides Taveras Guzmán. aSanto Domingo :bImpresos Profecionales,c1994. a99 p. :bil. ;c21 cm. aIncluye datos biográficos del autor en la solapa de la cubierta14aRODRÍGUEZ, MATILÍ,d1891vANÉCDOTAS, CHISTES, SÁTIRAS, ETC. 0aHumorismo dominicano 4aMoca (República Dominicana) vBiografías vAnécdotas, chistes, sátiras, etc.